000 01490aam a2200325 i 4500
999 _c32702
_d32702
001 768714001
003 CO-MdFUSB
005 20200811084723.0
007 ta
008 200811s1982 sp |||| |||| 00| 0 spa d
020 _a8472286630
040 _bspa.
_aCO-MdFUSB
_cCO-MdFUSB
_dCO-MdFUSBC
_erda
041 _aspa
082 0 4 _223
_a179
_bS6421e
100 1 _aSmith, Joyce Marie
_eautor
240 _aUnderstansding your emotions
245 1 0 _aEntendiendo las emociones
_c/ Joyce Marie Smith ; traducido por Encarnación Vila,
264 1 _aBarcelona, España :
_bClie,
_c[1982]
264 4 _c© 1982
300 _a66 Páginas
_c; 20 cm
336 _atexto
_btxt
_2rdacontent
337 _2rdamedia
_asin mediación
_bn
338 _2rdacarrier
_avolumen
_bnc
505 _aLa feminidad y las emociones: tratando de comprenderte como mujer --Inferioridades: ¿qué opinión tienes de ti misma? -- Preocupación y ansiedad: ¿de qué te preocupas? -- Temor: ¿haces frente a tus temores? -- Ira: ¿cómo actúas o reaccionas a ella? -- la depresión: el hoyo profundo --Culpa: ¿es verdadera? -- Orgullo: una abominación de Dios -- Críticas y murmuración: ¿eres dulce o amargo? -- Celos: el monstruo de ojos verdes -- El egoísmo y compasión propia: problema doble -- Control emocional: madurez y fruto
563 _aRústico
650 7 _aIdentidad (Psicología)
_9299
700 _94781
_aVila, Encarnación S.
_etraductor
942 _cBK
945 _aJTF-925